धर्मवादळ (Record no. 31735)

MARC details
000 -LEADER
fixed length control field 00391nam a2200157Ia 4500
008 - FIXED-LENGTH DATA ELEMENTS--GENERAL INFORMATION
fixed length control field 220531s9999 xx 000 0 und d
041 ## - LANGUAGE CODE
Language code of text/sound track or separate title mar
100 ## - MAIN ENTRY--PERSONAL NAME
Personal name दामले निळू
9 (RLIN) 54872
245 ## - TITLE STATEMENT
Title धर्मवादळ
260 ## - PUBLICATION, DISTRIBUTION, ETC. (IMPRINT)
Name of publisher, distributor, etc. Samkalin
Date of publication, distribution, etc. 1987
300 ## - PHYSICAL DESCRIPTION
Extent 165
542 ## - INFORMATION RELATING TO COPYRIGHT STATUS
Copyright holder 18-03-2009
650 ## - SUBJECT ADDED ENTRY--TOPICAL TERM
Topical term or geographic name as entry element General
9 (RLIN) 54873
906 ## - LOCAL DATA ELEMENT F, LDF (RLIN)
d 2008-2009
Holdings
Withdrawn status Lost status Source of classification or shelving scheme Damaged status Not for loan Home library Current library Date acquired Vendor Cost, normal purchase price Total Checkouts Total Holds Full call number Barcode Date last seen Bill Date Koha item type Original Barcode
    Dewey Decimal Classification     Shri Siddhivinayak Mahila Mahavidyalaya Shri Siddhivinayak Mahila Mahavidyalaya 18/03/2009 Personal 175.00   1 /-/B/12734 SSMM-BK-12734 06/08/2022 06/08/2022 Books 010012734